00629nam a2200205Ia 450000500170000000800410001702000150005808200190007310000180009224500670011026000600017730000160023765000120025365000120026565000130027765000170029094200060030795200950031399900150040820250312070723.0240331s9999 xx 000 0 und d a0674884167 a301bTHI21000 aShweder, R. A 0aThinking Through Cultures:bExpeditions in Cultural Psychology aMassachusetts;aLondon,bHarvard University Pressc1991 aix, 404 p., aCulture aSociety aMorality aAnthropology cL 001040708LaWERCLbWERCLcSSCd2024-03-31l0o 301 THIp1000r2024-03-31w2024-03-31yL c1043d1043